000 00550nam a2200169Ia 4500
005 20250508151245.0
008 008 250505s9999 xx 000 0 eng d
037 _aBooks to be hide in OPAC
040 _aFEDL
_beng
_cFEDL
041 _aeng
_2eng
084 _a370.58, NAT/O
_qFEDL
245 0 _aTwelfth yearbook of the national society for the study of education, Part 1
260 _aBloomington
_bBloomington Public School Publishing Company
_c1923
300 _a119p
942 _cHB
_h370.58, NAT/O
999 _c1328674
_d1328674